[Event "Rome Nobile Memorial 3rd"]
[Site "Rome"]
[Date "2010.01.28"]
[Round "4"]
[White "Salvagni, Gianfranco"]
[Black "Ceccarelli, Lucio"]
[Result "0-1"]
[WhiteElo "1563"]
[BlackElo "1521"]
[PlyCount "110"]
[EventDate "2010.01.14"]
[EventType "swiss"]
[EventRounds "6"]
[EventCountry "ITA"]
[SourceTitle "EXT 2024"]
[Source "ChessBase"]
[SourceDate "2023.10.10"]
[SourceVersion "1"]
[SourceVersionDate "2023.10.10"]
[SourceQuality "1"]

1. e4 c5 2. Nf3 d6 3. d4 cxd4 4. Nxd4 a6 5. Nc3 Nf6 6. Be2 g6 7. Be3 Bg7 8. h3 0-0 9. Qd2 Nc6 10. 0-0 Qc7 11. f4 b5 12. a3 Bb7 13. Bf3 Rac8 14. Nd5 Nxd5 15. exd5 Nxd4 16. Bxd4 Qxc2 17. Qe3 Bxd4 18. Qxd4 Qc5 19. Rfd1 Qxd4+ 20. Rxd4 Rc7 21. Rad1 Rfc8 22. Kf2 Rc2+ 23. R1d2 Rxd2+ 24. Rxd2 h5 25. Kg3 Rc5 26. Rd3 Bc8 27. Rc3 Rxc3 28. bxc3 Bf5 29. Kf2 Kf8 30. Ke3 Ke8 31. g4 hxg4 32. hxg4 Bc8 33. Ke4 e6 34. dxe6 Bb7+ 35. Ke3 Bxf3 36. Kxf3 fxe6 37. Ke4 Ke7 38. g5 Kd7 39. Kd4 Kc6 40. c4 a5 41. Kc3 Kc5 42. cxb5 Kxb5 43. Kb3 d5 44. a4+ Kc5 45. Kc3 d4+ 46. Kd3 Kd5 47. Ke2 Ke4 48. Kd2 Kxf4 49. Kd3 e5 50. Kc4 Kxg5 51. Kb5 d3 52. Kxa5 d2 53. Kb5 d1Q 54. a5 e4 55. a6 Qe2+ 0-1

[Event "Rome Nobile Memorial 3rd"]
[Site "Rome"]
[Date "2010.01.14"]
[Round "1"]
[White "Ceccarelli, Lucio"]
[Black "Battistelli, Alessandro"]
[Result "0-1"]
[WhiteElo "1521"]
[BlackElo "1923"]
[PlyCount "66"]
[EventDate "2010.01.14"]
[EventType "swiss"]
[EventRounds "6"]
[EventCountry "ITA"]
[SourceTitle "EXT 2024"]
[Source "ChessBase"]
[SourceDate "2023.10.10"]
[SourceVersion "1"]
[SourceVersionDate "2023.10.10"]
[SourceQuality "1"]

1. b4 e5 2. b5 d5 3. e3 Nd7 4. Bb2 Bd6 5. c4 Ngf6 6. Nf3 0-0 7. Be2 Re8 8. 0-0 Nc5 9. Nc3 Be6 10. Ng5 d4 11. Nxe6 Rxe6 12. Nd5 c6 13. Nxf6+ Qxf6 14. d3 Rae8 15. a4 dxe3 16. fxe3 Qg5 17. Qc1 Nb3 18. Qc2 Nxa1 19. Rxa1 Qxe3+ 20. Kh1 Bc5 21. Bc3 Rf6 22. Re1 Qf2 23. Qb2 Bd4 24. bxc6 Bxc3 25. Qxc3 Qxe2 26. h3 Rf1+ 27. Rxf1 Qxf1+ 28. Kh2 Qf4+ 29. Kg1 bxc6 30. Qb4 Qe3+ 31. Kh2 Qxd3 32. Qc5 Qd7 33. Qb4 e4 0-1